El sentido de la nueva lógica
Сохранить в:
| Главный автор: | |
|---|---|
| Формат: | |
| Язык: | испанский |
| Опубликовано: |
Buenos Aires
Nueva Visión
1971
|
| Предметы: | |
| Метки: |
Добавить метку
Нет меток, Требуется 1-ая метка записи!
|
MARC
| LEADER | 00000nam a2200000 a 4500 | ||
|---|---|---|---|
| 001 | UCW0822 | ||
| 003 | CL-VaPUC | ||
| 008 | 890829e19710000AG |||||||||||||||||spa|d | ||
| 082 | 0 | 4 | |a 160 |b QUI |2 21 |
| 100 | 0 | |a Quine, Willard Van Orman |e author |9 304755 | |
| 245 | 1 | 3 | |a El sentido de la nueva lógica |
| 300 | |a 190 p | ||
| 942 | |c BK | ||
| 945 | |d 19890829 00:00:00 | ||
| 260 | |a Buenos Aires |b Nueva Visión |c 1971 | ||
| 650 | 0 | |a Lógica |9 256849 | |
| 583 | |a last modification |c 19890829 00:00:00 |k Rodrigo Vera | ||
| 999 | |c 215872 |d 215870 | ||
| 952 | |0 0 |1 0 |4 0 |6 160_000000000000000_QUI_1971 |7 0 |8 P |9 201043 |a BIBEDU |b BIBEDU |c BIBEDU_PB |d 2019-11-14 |i 1566180 |o 160 QUI 1971 |p 1566180 |r 2024-01-25 |w 2019-11-14 |y BK |k FIL | ||